| Tag |
First Indicator |
Second Indicator |
Subfields |
| LEADER |
00000ctm a2200000Ka 4500 |
| 001 |
in00001741221 |
| 005 |
20220103134532.0 |
| 007 |
cr unu a |
| 008 |
030418s2002 xx a b 000 0 eng d |
| 035 |
|
|
|a (OCoLC)ocm52087362
|
| 040 |
|
|
|a TXA
|c TXA
|d UtOrBLW
|
| 049 |
|
|
|a TXAM
|a TXAR
|
| 099 |
|
|
|a 2002
|a Thesis
|a D62
|
| 100 |
1 |
|
|a Doh, Minsun.
|
| 245 |
1 |
0 |
|a Resident attitudes toward tourism as a form of community development /
|c by Minsun Doh.
|
| 264 |
|
1 |
|a [Place of publication not identified] :
|b [publisher not identified] ;
|c 2002.
|
| 300 |
|
|
|a xii, 129 leaves :
|b illustrations ;
|c 28 cm.
|
| 336 |
|
|
|a text
|b txt
|2 rdacontent
|
| 337 |
|
|
|a computer
|b c
|2 rdamedia
|
| 338 |
|
|
|a online resource
|b cr
|2 rdacarrier
|
| 500 |
|
|
|a "Major subject: Recreation, Park and Tourism Sciences".
|
| 500 |
|
|
|a Vita.
|
| 502 |
|
|
|b M.S.
|c Texas A&M University
|d 2002
|
| 504 |
|
|
|a Includes bibliographical references (leaves 111-117).
|
| 520 |
|
|
|a Many view tourism as a tool for community development. However, empirical studies suggest that its growth can bring environmental, sociocultural, and economic changes to the community where it is developed. Thus, it is important that planners look at the attitudes of local people towards tourism development in their community. The main objective of this study was to examine residents' attitudes toward change and the potential influence of tourism development in Bryan/College Station, Texas, based on growth level of the neighborhood of residence and levels of community attachment. Specifically, this study sought answers for the questions of 1) what the community attachment level of the B/CS residents is, 2) what their attitudes towards change, tourism development and its potential impacts are, 3) what the relationships among these variables are, and as a result, 4) whether they support specific tourism development options, and finally what implications may exist given their attitudes. A survey instrument was developed to measure residents' attitudes toward perceived change, potential tourism induced changes and tourism development, and types of tourism development options preferred by the residents. The respondents consisted of 207 residents from neighborhoods of Bryan/College Station, Texas. The results suggested that growth level of the neighborhoods did not emerge as a predictor variable in any of the dependent variables, while community attachment level did explain their attitudes toward tourism. In addition, there was a significant relationship between residents' attitudes toward potential tourism induced changes and its future development. Given these results, it was concluded that residents' community attachment level and their attitudes toward potential tourism induced changes are significant factors in predicting their attitudes toward future tourism development. In addition, further analysis of tourism development options and respondents' comments suggested that Bryan/College Station residents preferred tourism related developments in their community, and were especially interested in historic, educational and undeveloped nature types of developments.
|
| 530 |
|
|
|a Also available online.
|
| 530 |
|
|
|a Issued also on microfiche from Lange Micrographics.
|
| 650 |
|
4 |
|a Major recreation, park and tourism sciences.
|
| 856 |
4 |
1 |
|u https://hdl.handle.net/1969.1/ETD-TAMU-2002-THESIS-D62
|z Link to OAKTrust copy
|t 0
|
| 948 |
|
|
|a cataloged
|b h
|c 2003/4/18
|d c
|e eneff
|f 11:08:35 am
|
| 994 |
|
|
|a E0
|b TXA
|
| 999 |
|
|
|a MARS
|
| 999 |
f |
f |
|s 38ea3b7e-f1f9-39db-84e3-3b366f5af788
|i 4962a344-be08-3e2d-8163-313e1c06c908
|t 0
|
| 952 |
f |
f |
|p noncirc
|a Texas A&M University
|b College Station
|c Cushing Memorial Library & Archives
|s cush tdrm
|d Cushing: Theses & Dissertations Microforms (Does not check out)
|t 0
|e 2002 Thesis D62
|h Other scheme
|i computer -- online resource
|
| 952 |
f |
f |
|a Texas A&M University
|b College Station
|c Electronic Resources
|s www_evans
|d Available Online
|t 0
|e 2002 Thesis D62
|h Other scheme
|
| 998 |
f |
f |
|a 2002 Thesis D62
|t 0
|l Available Online
|
| 998 |
f |
f |
|a 2002 Thesis D62
|t 0
|l Cushing: Theses & Dissertations Microforms (Does not check out)
|